| Поле | Инд. | ПП | Название | Значение |
|---|---|---|---|---|
| Тип записи | a | |||
| Библиографический уровень | m | |||
| 001 | Контрольный номер | RU/IS/BASE/190910985 | ||
| 005 | Дата корректировки | 20251002164111.9 | ||
| 008 | Кодируемые данные | 20060118 | ||
| 020 | a | ISBN | 5-8291-0576-4 | |
| 084 | a | Индекс другой классификации/Индекс ББК | 63.3(0)6-6; 66.2(0) | |
| 090 | a | Полочн. индекс | 63.3(0)6-6 | |
| x | Авторский знак | Р 844 | ||
| 100 | 1_ | a | Автор | Рукавишников В. О. |
| q | Полное имя | Рукавишников Владимир Олегович | ||
| 245 | 10 | a | Заглавие | Холодная война, холодный мир: Общественное мнение в США и Европе о СССР/России, внешней политике и безопасности Запада |
| 260 | a | Место издания | Москва | |
| b | Издательство | Академический Проект | ||
| c | Дата издания | 2005 | ||
| 300 | a | Объем | 864 с. | |
| 336 | a | Термин вида содержания | Текст | |
| 337 | a | Термин типа средства | непосредственный | |
| 440 | _0 | a | Серия | Окна и зеркала |
| 504 | a | Библиография | Лит.: с. 826 | |
| 600 | 14 | a | Персоналии | Эйзенхауэр Дуайт Дэйвид (34-й президент США) |
| a | Персоналии | Картер Джеймс Эрл (39-й президент США) | ||
| a | Персоналии | Горбачев Михаил Сергеевич | ||
| a | Персоналии | Путин Владимир Владимирович | ||
| a | Персоналии | Ельцин Борис Николаевич | ||
| a | Персоналии | Рейган Рональд Уилсон (40-й президент США) | ||
| a | Персоналии | Хрущев Никита Сергеевич | ||
| 650 | 04 | a | Основная рубрика | история |
| 653 | 0_ | a | Ключевые слова | "бархатная революция" |
| a | Ключевые слова | XX век | ||
| a | Ключевые слова | XXI век | ||
| a | Ключевые слова | антисоветские движения | ||
| a | Ключевые слова | атомная бомбардировка | ||
| a | Ключевые слова | "атомная дипломатия" | ||
| a | Ключевые слова | баланс сил | ||
| a | Ключевые слова | Балканские войны 1991-1995 | ||
| a | Ключевые слова | балканский кризис | ||
| a | Ключевые слова | Берлинский кризис 1958-1959 | ||
| a | Ключевые слова | Варшавский договор 1955 | ||
| a | Ключевые слова | военное сотрудничество | ||
| a | Ключевые слова | военные расходы | ||
| a | Ключевые слова | Восточная Европа | ||
| a | Ключевые слова | Вторая мировая война 1939-1945 | ||
| a | Ключевые слова | Вьетнамская война 1964-1974 | ||
| a | Ключевые слова | гонка вооружений | ||
| a | Ключевые слова | Европа | ||
| a | Ключевые слова | Западная Европа | ||
| a | Ключевые слова | история дипломатии | ||
| a | Ключевые слова | Карибский (Кубинский) кризис 1962 | ||
| a | Ключевые слова | косовский конфликт | ||
| a | Ключевые слова | международные отношения | ||
| a | Ключевые слова | международный терроризм | ||
| a | Ключевые слова | миротворчество | ||
| a | Ключевые слова | Мюнхенское соглашение 1938 | ||
| a | Ключевые слова | Нагасаки | ||
| a | Ключевые слова | Организация Североатлантического договора (НАТО) | ||
| a | Ключевые слова | новейшее время | ||
| a | Ключевые слова | оборонные предприятия | ||
| a | Ключевые слова | общественное мнение | ||
| a | Ключевые слова | переговоры | ||
| a | Ключевые слова | передел мира | ||
| a | Ключевые слова | план Маршалла | ||
| a | Ключевые слова | политика | ||
| a | Ключевые слова | раздел Польши | ||
| a | Ключевые слова | разрядка международной напряженности | ||
| a | Ключевые слова | расширение НАТО | ||
| a | Ключевые слова | российско-американские отношения | ||
| a | Ключевые слова | Россия | ||
| a | Ключевые слова | союзники | ||
| a | Ключевые слова | США | ||
| a | Ключевые слова | терроризм | ||
| a | Ключевые слова | Хиросима | ||
| a | Ключевые слова | холодная война | ||
| a | Ключевые слова | Центральное разведывательное управление США (ЦРУ) | ||
| a | Ключевые слова | чехословацкий кризис 1968 | ||
| a | Ключевые слова | ядерное оружие (атомное оружие) | ||
| 720 | a | Наименование подборки | К юбилею А. Д. Сахарова | |
| e | Признак/вид подборки | Тематические подборки | ||
| 901 | t | Тип документа | m | |
| 952 | a | Тип литературы для КСУ ВШ | НАУ |